000 00732cam a2200241 a 4500
008
020 _a0521401534(hbk)
049 _aMAIN
090 _aTK454.2
100 1 _aZemanian, A. H.
_q(Armen H.)
245 1 0 _aInfinite electrical networks /
_cArmen H. Zemanian.
260 _aCambridge :
_bCambridge University Press,
_c1991.
300 _axi, 308 p. :
_bill. ;
_c24 cm.
440 0 _aCambridge tracts in mathematics
504 _aIncludes bibliographical references.
500 _aIncludes index.
650 0 _aElectric circuit analysis.
907 _a.b10007374
_b11-10-05
_c17-04-03
003
005 20230123134031.0
040 _cNUST
942 _cBOOKS
_kTK454.2
999 _c158876
_d158876